000 00622nam a2200229Ia 4500
003 OSt
005 20220923225629.0
006 a|||||r|||| 00| 0
007 ta
008 220922b |||||||| |||| 00| 0 san d
024 _a272,705
037 _cTextual
040 _aARTS
_cARTS
_bsan
041 _2san
_asan
082 _aO15,1D40,3, 153K1
100 _aਕਾਲੀਦਾਸ
_9156280
245 0 _aਮੇਘਦੂਤ
260 _c1961
650 _aਸਾਂFੲਛ ਸੱਸਥ੍ਹਛ
_9159588
942 _hO15,1D40,3, 153K1
_cTEXL
_2CC
999 _c379551
_d379551